00798nam a2200229 a 4500001001000000003000500010005001700015008004100032010001100073011001100084020001800095040000900113082001700122245014400139260013600283300001100419490002600430650003900456650002600495700002100521830002600542000116138CHAP20220329144602.0190919s2016 miu |r| ||||||eng d a112599 a113571 a9780300161120 cCHAP04a631.52bC94y00aCrop genetic diversity in the fiel and on the farm :bprinciples and aplications in research practices /cpor Devra I. Jarvis ... [et al.]. aMichigan :bBioversity InternationalaBern :bSwiss Agency for Development an Cooperation SDCaNew Haven :bYale University,c2016. a395 p. aYale Agrarian Studies14aAgrobiodiversidadxConservación.14aCultivosxGenética.1 aJarvis, Devra I. 0aYale Agrarian Studies